000 00621cam a2200217 4500
001 WB3610-47
008 000000n2000 000 0 eng u
035 _a(Sirsi) u104728
245 _aRural businesses get rates boost
260 _c2000
490 _aHerald
_v 9 March 2000, 6(1)
520 _aFinance minister announces increase in threshold for rates relief for rural shops and post offices to boost rural economy.
590 _aWB
650 _aRATES
650 _aRural
_96268
650 _aSHOPS
650 _aPOST OFFICES
650 _aSCOTLAND
690 _aRATING AND LOCAL TAXATION
942 _n0
999 _c62823
_d62823